000 00444nam a2200181Ia 4500
001 11069
005 20260306161919.0
008 260306t1981||||xx |||||||||||||| ||spa||
041 _aESP
082 _a985.004
_bG23
100 _aGarcía Calderón, Francisco [1883-1953]
_eAUT
245 0 _aEl Perú contemporánero
260 _c1981
300 _a383 páginas :
_c21 cm.
650 _aGEN
654 _aCHU
942 _cLIB
_dJUS
_fJUS
_2ddc
_n
999 _c11069
_d11069